It never can happen again / (Record no. 283788)
[ view plain ]
| 000 -LEADER | |
|---|---|
| fixed length control field | 00837cam a2200241 a 4500 |
| 001 - CONTROL NUMBER | |
| control field | 1217619 |
| 003 - CONTROL NUMBER IDENTIFIER | |
| control field | PILC |
| 005 - DATE AND TIME OF LATEST TRANSACTION | |
| control field | 20150318155304.0 |
| 008 - FIXED-LENGTH DATA ELEMENTS--GENERAL INFORMATION | |
| fixed length control field | 980827s1909 nyu 000 0 eng |
| 010 ## - LIBRARY OF CONGRESS CONTROL NUMBER | |
| LC control number | 09028954 |
| 040 ## - CATALOGING SOURCE | |
| Original cataloging agency | DLC |
| Transcribing agency | DLC |
| 050 10 - LIBRARY OF CONGRESS CALL NUMBER | |
| Classification number | PR 6007.E5 |
| Item number | .M847 1909 |
| 051 ## - LIBRARY OF CONGRESS COPY, ISSUE, OFFPRINT STATEMENT | |
| Classification number | PZ3.D3992 |
| Item number | I Copy 7 |
| Copy information | Copy 7. Signed by former owner Bruce Rogers. |
| 100 1# - MAIN ENTRY--PERSONAL NAME | |
| Personal name | De Morgan, William, |
| Dates associated with a name | 1839-1917. |
| 245 10 - TITLE STATEMENT | |
| Title | It never can happen again / |
| Statement of responsibility, etc | William De Morgan. |
| 260 ## - PUBLICATION, DISTRIBUTION, ETC. (IMPRINT) | |
| Place of publication, distribution, etc | New York : |
| Name of publisher, distributor, etc | Henry Holt and Co., |
| Date of publication, distribution, etc | 1909. |
| 300 ## - PHYSICAL DESCRIPTION | |
| Extent | xii, 688 pages : |
| Dimensions | 19 cm. |
| 700 1# - ADDED ENTRY--PERSONAL NAME | |
| Personal name | Rogers, Bruce, |
| Dates associated with a name | 1870-1957, |
| Relator term | former owner. |
| Institution to which field applies | DLC |
| 710 2# - ADDED ENTRY--CORPORATE NAME | |
| Corporate name or jurisdiction name as entry element | Pforzheimer Bruce Rogers Collection (Library of Congress) |
| Institution to which field applies | DLC |
| 906 ## - LOCAL DATA ELEMENT F, LDF (RLIN) | |
| a | 7 |
| b | cbc |
| c | orignew |
| d | 1 |
| e | ocip |
| f | 19 |
| g | y-gencatlg |
| 942 ## - ADDED ENTRY ELEMENTS (KOHA) | |
| Source of classification or shelving scheme | Library of Congress Classification |
| Koha item type | Books |
| Withdrawn status | Lost status | Source of classification or shelving scheme | Damaged status | Home library | Current library | Shelving location | Date acquired | Source of acquisition | Total Checkouts | Full call number | Barcode | Date last seen | Price effective from | Koha item type |
|---|---|---|---|---|---|---|---|---|---|---|---|---|---|---|
| Library of Congress Classification | Southville International School Affiliated with Foreign Universities Library | Southville International School Affiliated with Foreign Universities Library | Southville Foreign University Section | 03/18/2015 | Library Fund | PR 6007.E5 .D386 1909 | SFU1835 | 05/15/2018 | 03/18/2015 | Books |